00413nam a2200145Ia 450000500170000000800410001708200130005810000170007124500890008825000090017726000480018630000120023465000120024665000090025820240604061251.0240331s9999 xx 000 0 und d bHUSa346 aHussain, J.S 0aMarriage breakdown and divorce law reform in contemporary societycS. Jaffer Hussain a1 st aNew DelhibConcept Publishing Companyc1983 a240 p., aSociety aLaws